[Event "Dortmund2"]
[Site "Dortmund"]
[Date "2006.05.27"]
[Round "9"]
[White "Grueneberg, Ingo"]
[Black "Kirmes, Hans Uwe"]
[Result "1/2-1/2"]
[WhiteElo "1170"]
[BlackElo "1174"]
[PlyCount "55"]
[EventDate "2006.04.25"]
[EventType "tourn"]
[EventRounds "11"]
[EventCountry "GER"]
[SourceTitle "EXT 2007"]
[Source "ChessBase"]
[SourceDate "2006.11.23"]
[SourceVersion "1"]
[SourceVersionDate "2006.11.23"]
[SourceQuality "1"]

1. e4 e5 2. Nf3 Nc6 3. d4 exd4 4. Nxd4 Nxd4 5. Qxd4 Nf6 6. Nc3 c5 7. Qd1 b6 8. Bc4 Bb7 9. Qe2 Qe7 10. f3 h6 11. Bd2 a6 12. a3 b5 13. Ba2 c4 14. Rd1 d5 15. exd5 Qxe2+ 16. Kxe2 Nxd5 17. Nxd5 Bxd5 18. Rhe1 0-0-0 19. Kf1 Bc5 20. Be3 Bxe3 21. Rxe3 Rd7 22. Rde1 Be6 23. b3 cxb3 24. Bxb3 Bxb3 25. Re8+ Rxe8 26. Rxe8+ Kb7 27. cxb3 Kc6 28. Re3 1/2-1/2

[Event "Dortmund2"]
[Site "Dortmund"]
[Date "2006.05.19"]
[Round "7"]
[White "Grueneberg, Ingo"]
[Black "Krueger, Sven"]
[Result "0-1"]
[WhiteElo "1170"]
[BlackElo "1218"]
[PlyCount "56"]
[EventDate "2006.04.25"]
[EventType "tourn"]
[EventRounds "11"]
[EventCountry "GER"]
[SourceTitle "EXT 2007"]
[Source "ChessBase"]
[SourceDate "2006.11.23"]
[SourceVersion "1"]
[SourceVersionDate "2006.11.23"]
[SourceQuality "1"]

1. d4 Nf6 2. c4 d6 3. g3 g6 4. Bg2 Bg7 5. Nf3 0-0 6. 0-0 Nbd7 7. Nc3 c6 8. h3 Qc7 9. e4 e5 10. Re1 Nb6 11. b3 Bd7 12. Qc2 Nc8 13. Be3 Re8 14. Rad1 Ne7 15. Qd3 Rad8 16. d5 c5 17. Ra1 a6 18. Qc2 Nh5 19. Ne2 f5 20. Qd2 fxe4 21. Ng5 Nf5 22. Nxe4 Nxe3 23. Qxe3 Rf8 24. f3 Qc8 25. Rf1 Bxh3 26. g4 Bxg2 27. Kxg2 Nf4+ 28. Nxf4 exf4 0-1

[Event "Dortmund2"]
[Site "Dortmund"]
[Date "2006.05.10"]
[Round "5"]
[White "Grueneberg, Ingo"]
[Black "Wengelnik, Erwin"]
[Result "1-0"]
[WhiteElo "1170"]
[BlackElo "1238"]
[PlyCount "41"]
[EventDate "2006.04.25"]
[EventType "tourn"]
[EventRounds "11"]
[EventCountry "GER"]
[SourceTitle "EXT 2007"]
[Source "ChessBase"]
[SourceDate "2006.11.23"]
[SourceVersion "1"]
[SourceVersionDate "2006.11.23"]
[SourceQuality "1"]

1. e4 e6 2. d4 b6 3. f4 Bb7 4. Bd3 h6 5. Nf3 d6 6. Nbd2 Be7 7. 0-0 Nf6 8. e5 Nfd7 9. Ne4 0-0 10. Qe2 a6 11. c3 a5 12. Ng3 Re8 13. f5 exf5 14. Nxf5 dxe5 15. Bxh6 gxh6 16. Nxh6+ Kf8 17. Nxf7 Kxf7 18. Nxe5+ Kg7 19. Qg4+ Bg5 20. Rf7+ Kh6 21. Rh7# 1-0

[Event "Dortmund2"]
[Site "Dortmund"]
[Date "2006.05.05"]
[Round "4"]
[White "Demmert, Oliver"]
[Black "Grueneberg, Ingo"]
[Result "1/2-1/2"]
[WhiteElo "1056"]
[BlackElo "1170"]
[PlyCount "42"]
[EventDate "2006.04.25"]
[EventType "tourn"]
[EventRounds "11"]
[EventCountry "GER"]
[SourceTitle "EXT 2007"]
[Source "ChessBase"]
[SourceDate "2006.11.23"]
[SourceVersion "1"]
[SourceVersionDate "2006.11.23"]
[SourceQuality "1"]

1. d4 g6 2. c4 Bg7 3. Nc3 d6 4. e4 Nc6 5. Be3 e5 6. d5 Nce7 7. Nf3 f5 8. Be2 Nh6 9. 0-0 0-0 10. Rc1 Nf7 11. c5 f4 12. cxd6 cxd6 13. Bd2 Bd7 14. Bb5 Rc8 15. Bxd7 Qxd7 16. Qa4 Qxa4 17. Nxa4 Rfd8 18. Rxc8 Rxc8 19. Rc1 Rxc1+ 20. Bxc1 Bf6 21. b4 Nc8 1/2-1/2

[Event "Dortmund2"]
[Site "Dortmund"]
[Date "2006.04.25"]
[Round "1"]
[White "Grueneberg, Ingo"]
[Black "Thiemig, Rolf"]
[Result "0-1"]
[WhiteElo "1170"]
[BlackElo "1191"]
[PlyCount "147"]
[EventDate "2006.04.25"]
[EventType "tourn"]
[EventRounds "11"]
[EventCountry "GER"]
[SourceTitle "EXT 2007"]
[Source "ChessBase"]
[SourceDate "2006.11.23"]
[SourceVersion "1"]
[SourceVersionDate "2006.11.23"]
[SourceQuality "1"]

1. e4 e5 2. Nf3 Nf6 3. Nc3 d6 4. d4 exd4 5. Nxd4 Be7 6. Bg5 0-0 7. f3 c6 8. Qd2 Nbd7 9. 0-0-0 h6 10. Bh4 Nh5 11. Bxe7 Qxe7 12. Nf5 Qg5 13. Qxg5 hxg5 14. Nxd6 Nb6 15. Nxc8 Raxc8 16. Be2 Nf4 17. g3 Nxe2+ 18. Nxe2 Rcd8 19. h4 gxh4 20. Rxd8 Rxd8 21. gxh4 Nc4 22. Nc3 Rd2 23. Rd1 Rxd1+ 24. Nxd1 f6 25. Nf2 Ne5 26. f4 Nf3 27. h5 Kh7 28. Ng4 Nh4 29. Kd2 f5 30. exf5 Nxf5 31. Nf2 Kh6 32. Nd3 Kxh5 33. c3 Kg4 34. Ke2 b6 35. b3 Ng3+ 36. Ke3 Kf5 37. Kf3 Ne4 38. c4 Nf6 39. Ne5 c5 40. Nd3 Nh5 41. Ke3 g6 42. Kf3 Nf6 43. Ke3 g5 44. fxg5 Kxg5 45. a3 Kf5 46. Kf3 Ne4 47. Ke3 a6 48. Nf4 b5 49. Nd5 bxc4 50. bxc4 Nd6 51. Kd3 Ke5 52. Nb6 Nb7 53. Nd5 Kd6 54. a4 Na5 55. Kc3 Nc6 56. Ne3 Ke5 57. Nd5 Ke4 58. Nf6+ Ke5 59. Nd7+ Kd6 60. Nb6 Nb8 61. Nd5 Ke5 62. Kd3 Nc6 63. Kc3 a5 64. Ne3 Ke4 65. Nd5 Nb4 66. Nf6+ Ke5 67. Nd7+ Kd6 68. Nf6 Ke7 69. Nd5+ Kd6 70. Ne3 Ke5 71. Nc2 Nc6 72. Ne3 Ne7 73. Ng4+ Kf5 74. Ne3+ 0-1

[Event "Dortmund ABC Serie Anfaenger-22"]
[Site "Dortmund"]
[Date "2004.11.10"]
[Round "8"]
[White "Grueneberg, Ingo"]
[Black "Wengelnik, Erwin"]
[Result "1/2-1/2"]
[WhiteElo "1261"]
[BlackElo "1291"]
[PlyCount "31"]
[EventDate "2004.10.06"]
[EventType "tourn"]
[EventRounds "11"]
[EventCountry "GER"]
[SourceTitle "EXT 2006"]
[Source "ChessBase"]
[SourceDate "2005.11.24"]
[SourceVersion "1"]
[SourceVersionDate "2005.11.24"]
[SourceQuality "1"]

1. Nf3 d5 2. b3 c6 3. e3 Nd7 4. Bb2 Ngf6 5. Be2 h6 6. d3 e6 7. a3 Qc7 8. Nbd2 Bd6 9. c4 0-0 10. cxd5 cxd5 11. Rc1 Qd8 12. 0-0 b6 13. d4 a6 14. Bd3 Bb7 15. Qe2 Qe7 16. Ra1 1/2-1/2

[Event "Dortmund ABC Serie Anfaenger-22"]
[Site "Dortmund"]
[Date "2004.11.03"]
[Round "7"]
[White "Krueger, Sven"]
[Black "Grueneberg, Ingo"]
[Result "1-0"]
[WhiteElo "1206"]
[BlackElo "1261"]
[PlyCount "51"]
[EventDate "2004.10.06"]
[EventType "tourn"]
[EventRounds "11"]
[EventCountry "GER"]
[SourceTitle "EXT 2006"]
[Source "ChessBase"]
[SourceDate "2005.11.24"]
[SourceVersion "1"]
[SourceVersionDate "2005.11.24"]
[SourceQuality "1"]

1. e4 g6 2. d4 Bg7 3. Nf3 c6 4. Be3 d5 5. e5 Bg4 6. Be2 e6 7. Qd2 Nd7 8. Bg5 f6 9. exf6 Ngxf6 10. Bh6 Qe7 11. Bxg7 Qxg7 12. h3 Bxf3 13. Bxf3 0-0-0 14. 0-0 Rhe8 15. a4 a6 16. b4 Nb6 17. Na3 Ne4 18. Bxe4 dxe4 19. c3 e5 20. Nc2 exd4 21. cxd4 Nd5 22. b5 cxb5 23. axb5 axb5 24. Rfc1 Kb8 25. Nb4 Nb6 26. Qf4+ 1-0

[Event "Dortmund1"]
[Site "Dortmund"]
[Date "2002.05.31"]
[Round "11"]
[White "Grueneberg, Ingo"]
[Black "Netz, Herbert"]
[Result "0-1"]
[WhiteElo "1202"]
[BlackElo "1296"]
[PlyCount "56"]
[EventDate "2002.04.10"]
[EventType "tourn"]
[EventRounds "13"]
[EventCountry "GER"]
[SourceTitle "EXT 2007"]
[Source "ChessBase"]
[SourceDate "2006.11.23"]
[SourceVersion "1"]
[SourceVersionDate "2006.11.23"]
[SourceQuality "1"]

1. Nf3 d5 2. b3 Nc6 3. e3 Bf5 4. Bb5 Qd6 5. Bb2 0-0-0 6. Bxc6 Qxc6 7. Nc3 f6 8. Nd4 Qd7 9. Nxf5 Qxf5 10. d4 Nh6 11. 0-0 e5 12. dxe5 Qxe5 13. Qd4 Qh5 14. h3 b6 15. Rad1 Bd6 16. Qd3 Be5 17. Qa6+ Kd7 18. Nxd5 Ke6 19. Nxc7+ Bxc7 20. Qc4+ Kf5 21. g4+ Nxg4 22. hxg4+ Qxg4+ 23. Qxg4+ Kxg4 24. Rd4+ Kf3 25. Rfd1 h5 26. Kf1 h4 27. Rf4+ Bxf4 28. Rxd8 Rxd8 0-1

[Event "Dortmund1"]
[Site "Dortmund"]
[Date "2002.04.24"]
[Round "4"]
[White "Aragon, Jorge"]
[Black "Grueneberg, Ingo"]
[Result "0-1"]
[WhiteElo "1124"]
[BlackElo "1202"]
[PlyCount "52"]
[EventDate "2002.04.10"]
[EventType "tourn"]
[EventRounds "13"]
[EventCountry "GER"]
[SourceTitle "EXT 2007"]
[Source "ChessBase"]
[SourceDate "2006.11.23"]
[SourceVersion "1"]
[SourceVersionDate "2006.11.23"]
[SourceQuality "1"]

1. e4 g6 2. d4 Bg7 3. Nf3 c6 4. Bc4 d6 5. Nc3 Bg4 6. 0-0 Nf6 7. e5 dxe5 8. dxe5 Qxd1 9. Rxd1 Bxf3 10. gxf3 Nfd7 11. e6 Ne5 12. Bf4 Nxc4 13. Bxb8 Rxb8 14. exf7+ Kxf7 15. Rd7 Rhd8 16. Rxd8 Rxd8 17. Rd1 Rxd1+ 18. Nxd1 Nxb2 19. Ne3 Bd4 20. Ng4 Nc4 21. Nh6+ Kg7 22. Ng4 h5 23. Ne3 Bxe3 24. fxe3 Nxe3 25. c3 e5 26. Kf2 Nd1+ 0-1

[Event "Dortmund ABC Anfaenger 16th"]
[Site "Dortmund"]
[Date "2001.11.24"]
[Round "10"]
[White "Rutmann, Ulrich"]
[Black "Grueneberg, Ingo"]
[Result "1-0"]
[WhiteElo "1196"]
[BlackElo "1208"]
[PlyCount "65"]
[EventDate "2001.??.??"]
[EventType "tourn"]
[EventRounds "13"]
[EventCountry "GER"]
[SourceTitle "EXT 2003"]
[Source "ChessBase"]
[SourceDate "2002.11.25"]
[SourceVersion "1"]
[SourceVersionDate "2002.11.25"]
[SourceQuality "1"]

1. e4 g6 2. d4 Bg7 3. Nf3 c6 4. Bd3 d5 5. e5 Bg4 6. 0-0 Nh6 7. c3 f6 8. exf6 exf6 9. Re1+ Kf7 10. Be2 Bxf3 11. Bxf3 Re8 12. Nd2 Nd7 13. Nb3 Rxe1+ 14. Qxe1 Qe8 15. Be3 Nf5 16. Bd2 Qxe1+ 17. Rxe1 Re8 18. Rxe8 Kxe8 19. Bg4 Bh6 20. Bxf5 Bxd2 21. Nxd2 gxf5 22. Nb3 b6 23. g3 Ke7 24. Kg2 Nf8 25. Nc1 Ne6 26. Nd3 Kd6 27. Kh3 c5 28. dxc5+ bxc5 29. Kh4 Ng5 30. Kh5 c4 31. Ne1 Ke5 32. f4+ Ke4 33. fxg5 1-0

[Event "Dortmund1"]
[Site "Dortmund"]
[Date "2001.05.11"]
[Round "4"]
[White "Grueneberg, Ingo"]
[Black "Heckers, Uwe"]
[Result "0-1"]
[WhiteElo "1244"]
[BlackElo "1251"]
[PlyCount "54"]
[EventDate "2001.04.25"]
[EventType "tourn"]
[EventRounds "13"]
[EventCountry "GER"]
[SourceTitle "EXT 2007"]
[Source "ChessBase"]
[SourceDate "2006.11.23"]
[SourceVersion "1"]
[SourceVersionDate "2006.11.23"]
[SourceQuality "1"]

1. Nf3 d5 2. b3 Bg4 3. e3 e6 4. Bb2 Nf6 5. Be2 Nc6 6. 0-0 Bd6 7. d4 Bxf3 8. Bxf3 Qd7 9. Nd2 0-0-0 10. c4 Kb8 11. e4 Bf4 12. exd5 exd5 13. cxd5 Nxd5 14. Bxd5 Qxd5 15. Nf3 Rhe8 16. Qd3 h5 17. Rfe1 g5 18. Rxe8 Rxe8 19. Bc1 Bxc1 20. Rxc1 g4 21. Rc5 Qe4 22. Qxe4 Rxe4 23. Nd2 Re1+ 24. Nf1 Nxd4 25. g3 h4 26. Rg5 Nf3+ 27. Kh1 Nxg5 0-1